000 01003nam a22003137a 4500
003 CHAP
005 20220329134707.0
008 971013s1961 r 00010 d
010 _a24305
011 _a25277
035 _a29377
040 _cCHAP
082 _a512
_bA53 1961
100 0 0 _aAnfossi, Agustin.
_95749
245 _aCurso de álgebra para secundaria, preparatoria y comercio
250 _a8 ed.
260 _aMéxico, D.F. :
_bProgreso,
_c1961
300 _a408 p
590 _aBATCH-UPD
_b10
_c20130110
_lUCH01
_h1551
590 _aBATCH-UPD
_b10
_c20130410
_lUCH01
_h0949
590 _aBATCH-UPD
_b10
_c20130914
_lUCH01
_h1845
590 _aCONVERSION
_b10
_c20130109
_lUCH01
_h1314
650 1 4 _aÁlgebra.
_982391
901 _aBK
942 _cLIBRO
949 _a512 A53 1961
_bBC
_cLIBRO
_d33724000661575
_eLIBRO
_fc.96
_i29377
_si
949 _a512 A53 1961
_bBC
_cLIBRO
_d33724000832028
_eLIBRO
_fc.32
_i29377
_si
949 _a512 A53 1961
_bBC
_cLIBRO
_d33724000832085
_eLIBRO
_fc.53
_i29377
_si
999 _c24305
_d24305